[Event "European Blitz-ch 2018"]
[Site "Skopje"]
[Date "2018.12.06"]
[Round "1"]
[White "Artemiev, Vladislav"]
[Black "Karacsonyi, Gellert"]
[Result "1-0"]
[WhiteElo "2709"]
[BlackElo "2195"]
[Annotator "TA"]
[PlyCount "63"]
[EventDate "2018.12.06"]
[EventType "swiss"]
[EventCountry "MKD"]
[SourceTitle "playchess.com"]
[Source "ChessBase"]
[SourceQuality "1"]

{[%evp 18,63,0,-8,-4,-4,-7,-5,0,0,0,-2,0,-23,0,0,1,-4,20,21,20,24,33,39,26,16,18,20,39,19,23,19,21,4,25,0,8,11,68,60,92,56,87,62,872,868,868,868]} 1. c4 Nf6 2. g3 e6 3. Bg2 d5 4. Nf3 dxc4 5. Qa4+ Bd7 6. Qxc4 {A13: English Opening: 1...e6} c5 7. Ne5 Qc8 8. d3 (8. Qd3 Nc6 9. Nxd7 Nxd7 10. Nc3 Be7 11. O-O O-O 12. b3 Rd8 13. Bb2 Nb6 {1-0 (81) So,W (2780)-Wei,Y (2729) chess.com INT 2018}) 8... Nc6 9. Nxd7 Qxd7 10. Nd2 {LiveBook: 8 Games} Be7 11. Nf3 O-O 12. O-O Rac8 13. Bd2 {[#]} Rfd8 $146 ({Predecessor:} 13... Nd5) 14. Rfc1 Nd5 15. Qa4 b6 16. a3 Bf6 17. Rab1 h6 18. b4 cxb4 19. axb4 Nce7 20. Qxd7 Rxd7 21. d4 Rdc7 22. Rxc7 Rxc7 23. e3 Nc3 24. Bxc3 Rxc3 25. Nd2 Nd5 26. Ne4 Rc4 27. Ra1 Nxb4 (27... Be7 $11) 28. Rxa7 $14 Nd5 29. Bf1 Rc1 30. Kg2 Rb1 $2 {[%mdl 8192] [#]} (30... g5 $14) 31. Ra8+ $18 Kh7 32. Nxf6+ {Precision: White = 58%, Black = 28%.} 1-0

[Event "European Blitz-ch 2018"]
[Site "Skopje"]
[Date "2018.12.06"]
[Round "1"]
[White "Ragger, Markus"]
[Black "Uruci, Besim"]
[Result "1-0"]
[WhiteElo "2687"]
[BlackElo "2137"]
[Annotator "TA"]
[PlyCount "83"]
[EventDate "2018.12.06"]
[EventType "swiss"]
[EventCountry "MKD"]
[SourceTitle "playchess.com"]
[Source "ChessBase"]
[SourceQuality "1"]

{[%evp 17,83,65,58,58,69,45,78,73,52,0,84,39,52,46,88,87,90,58,121,71,88,83,106,113,281,124,311,137,144,136,180,168,161,168,165,158,208,175,176,166,221,163,161,160,144,141,139,131,172,119,141,138,138,94,185,188,196,181,189,171,194,195,1088,704,29993,29994,29995,564]} 1. e4 d5 2. exd5 Nf6 3. d4 Nxd5 4. Nf3 e6 5. c4 Nf6 6. Nc3 Be7 7. Bd3 O-O 8. O-O b6 9. Qe2 Bb7 10. Rd1 {B01: Scandinavian Defence} (10. Bg5 h6 11. Bh4 Nh5 12. Bxe7 Qxe7 13. Bc2 Nd7 14. Rfe1 Rfe8 15. Rad1 Rad8 16. d5 e5 17. Qe4 g6 {1-0 (25) Bjornsson,S (2278)-Kristinsson,O (2010) Reykjavik 2018}) 10... Qc8 $146 ({Predecessor:} 10... Nbd7 11. Ne5 Re8 12. Bf4 Nf8 13. Rac1 c6 14. Bb1 Ng6 15. Nxg6 hxg6 16. Rd2 Bd6 17. Be5 Qe7 {0-1 (34) Ben Abed,M (1960)-Karagyozian,E (2017) Le Port Marly 2014}) 11. h3 Rd8 12. Bg5 {White is better.} Nbd7 13. Ne5 ({White should play} 13. Bc2 $14) 13... Nf8 (13... c5 $1 $11) 14. Ng4 Ng6 15. Nxf6+ Bxf6 16. Bxf6 gxf6 17. Ne4 f5 ({Better is} 17... Bxe4 $1 $14 18. Bxe4 Rb8) 18. Nf6+ $16 Kg7 19. Nh5+ Kh8 20. Qe3 {Intending Qg5 and mate.} Qd7 $2 (20... Rg8 $16) 21. d5 (21. Qh6 $1 $18 {[%csl Gh5][%cal Rh6g7] is the precise move to win.} f6 22. Re1 (22. Nxf6 Qe7 $15)) 21... e5 $2 (21... Qd6 $16) 22. Qg5 (22. Qh6 $18 {[%csl Gh5][%cal Rh6g7] and the rest is easy.} f6 23. Bxf5 $1 {[%mdl 512]} (23. Nxf6 Qe7 $16)) 22... Qe7 23. Qxf5 c6 24. dxc6 Bxc6 {[#]} 25. Be4 $1 {[%cal Re4c6]} Bxe4 26. Qxe4 Rac8 27. b3 Qg5 28. Qg4 Qe7 (28... h6 {was called for.} 29. Ng3 Nf4 30. Qxg5 hxg5) 29. Qf5 Nh4 30. Qf6+ Qxf6 31. Nxf6 Kg7 32. Nd5 Nf5 33. Kf1 (33. Re1 $18) 33... Nd4 34. f4 f6 35. Rd3 Kf7 (35... b5 $16 {was worth a try.}) 36. Re1 $18 Nc6 37. Rf3 {aiming for fxe5.} Kg7 38. fxe5 Nxe5 39. Rf5 Nd3 $2 (39... Rc6 40. g4 h6) 40. Re7+ {[%mdl 64] Double Attack} Kg6 41. Rxf6+ Kh5 42. Rxh7+ {Accuracy: White = 41%, Black = 29%.} 1-0

[Event "European Blitz-ch 2018"]
[Site "Skopje"]
[Date "2018.12.06"]
[Round "1"]
[White "Laznicka, Viktor"]
[Black "Bognar, Csaba"]
[Result "1-0"]
[WhiteElo "2675"]
[BlackElo "2171"]
[Annotator "TA"]
[PlyCount "37"]
[EventDate "2018.12.06"]
[EventType "swiss"]
[EventCountry "MKD"]
[SourceTitle "playchess.com"]
[Source "ChessBase"]
[SourceQuality "1"]

{[%evp 9,37,40,80,64,75,39,37,47,106,83,107,35,45,37,52,59,294,285,402,369,392,343,448,454,456,464,900,892,1053,1034]} 1. d4 Nf6 2. Bg5 e6 3. Nf3 d5 4. e3 g6 (4... Be7 5. Nbd2 Nbd7 6. Bd3 b6 7. c3 Bb7 8. O-O O-O 9. b4 h6 10. Bf4 c5 11. Qb1 cxb4 12. cxb4 Nh5 13. Be5 Nhf6 14. Bg3 Nh5 15. Be5 Nhf6 16. Bf4 Nh5 17. Be5 {½-½ (17) Andreikin,D (2710)-Oparin,G (2609) Satka 2018}) 5. c4 c6 6. Nc3 {D03: 1 d4 d5 2 Nf3 Nf6 3 Bg5, including Torre Attack with early ...d5} Bg7 7. Ne5 h6 $146 ({Predecessor:} 7... O-O 8. Be2 Qc7 9. h4 Ne4 10. Bf4 Nxc3 11. bxc3 Bxe5 12. Bxe5 {1-0 (25) Kriukov,S (1972)-Artemenko,R (1688) Perm 2007}) 8. Bh4 {White is slightly better.} g5 (8... O-O $14) 9. Bg3 $16 Nfd7 10. Qh5 ({White should try} 10. Nxd7 $16 Nxd7 11. h4) 10... Nxe5 $14 11. Bxe5 Bxe5 12. dxe5 dxc4 $2 {[#]} ({Black should play} 12... Qc7 $14) 13. h4 $18 {[%cal Bh2h4,Bh4g5][%mdl 32]} ({Don't play} 13. Bxc4 $6 Nd7 $16) 13... Qa5 (13... Nd7 $142 14. O-O-O Qa5 15. hxg5 Qxe5 16. Bxc4 Nb6) 14. hxg5 Qxe5 15. O-O-O b5 16. Rh3 {White is clearly winning.} b4 17. f4 Qa5 (17... Qf5 $142 18. g4 Qh7 19. Qxh6 Qxh6 20. Rxh6 Rf8) 18. Ne4 {[#] And now Nd6+ would win.} Qxa2 19. Nd6+ {Accuracy: White = 68%, Black = 12%.} 1-0

[Event "European Blitz-ch 2018"]
[Site "Skopje"]
[Date "2018.12.06"]
[Round "1"]
[White "Guseinov, Gadir"]
[Black "Velikic, Adela"]
[Result "1-0"]
[WhiteElo "2664"]
[BlackElo "2298"]
[Annotator "TA"]
[PlyCount "81"]
[EventDate "2018.12.06"]
[EventType "swiss"]
[EventCountry "MKD"]
[SourceTitle "playchess.com"]
[Source "ChessBase"]
[SourceQuality "1"]

{[%evp 25,81,16,17,15,76,88,89,75,97,76,83,78,82,77,90,54,88,55,66,21,40,0,0,0,9,0,9,0,13,16,37,35,42,33,65,64,78,40,71,20,53,10,19,5,4,0,213,212,239,236,448,426,527,497,3631,1135,2482,2093]} 1. e4 c6 2. d4 d5 3. Nd2 dxe4 4. Nxe4 Bf5 5. Ng3 Bg6 6. h4 h6 7. Nf3 e6 8. Ne5 Bh7 9. Bd3 Bxd3 10. Qxd3 Nd7 {B19: Classical Caro-Kann: 4...Bf5 main line} 11. Bf4 Nxe5 12. Bxe5 Qa5+ 13. c3 O-O-O {[#] LiveBook: 4 Games. aiming for ...Qxe5+!} (13... Nf6 14. O-O Ng4 15. Rad1 Nxe5 16. dxe5 Rd8 17. Qxd8+ Qxd8 18. Rxd8+ Kxd8 {1-0 (67) Sutovsky,E (2633)-Shankland,S (2722) Batumi 2018}) 14. Qf3 {[#]} Rd7 $146 (14... f6 $11 15. Bf4 Qd5) ({Predecessor:} 14... f6 15. Bf4 Qd5 16. Qe2 Ne7 17. c4 Qxd4 18. Qxe6+ {½-½ (27) Beerdsen,T (2469)-Nihal,S (2551) Leiden 2018}) 15. O-O Qd5 16. Ne4 f5 17. Nd2 Qxf3 18. Nxf3 Nf6 19. Rfe1 Ne4 20. Re2 Rg8 21. Rae1 g5 22. hxg5 (22. h5 {is interesting.} Rf7 23. g4 Kd7 24. Rd1 Kc8 25. Ne1) 22... hxg5 23. Nd2 Nxd2 24. Rxd2 Rg6 25. Rde2 Rd8 26. g3 Kd7 27. Kg2 Bd6 28. Rh1 Bxe5 29. Rxe5 $14 {[%mdl 4096] Endgame KRR-KRR} Rdg8 30. b4 R8g7 31. a4 Kc7 32. b5 (32. Kf3 $16) 32... Rd7 33. Rhe1 Kd6 34. Rb1 b6 35. a5 Rg8 $2 {[#]} (35... c5 $11) 36. axb6 $18 axb6 37. bxc6 Rc7 $2 (37... Rdd8 38. c7 (38. Rxb6 Rb8 $18) 38... Kxc7 39. Rxe6 Rb8) 38. Rxb6 {White is clearly winning.} Ra8 39. c4 {[%cal Bc3c4,Bc4c5][%mdl 32]} Ra4 (39... Rxc6 $142 40. Rxc6+ Kxc6 41. Rxe6+ Kd7) 40. c5+ Ke7 41. d5 {Accuracy: White = 53%, Black = 30%.} 1-0

[Event "European Blitz-ch 2018"]
[Site "Skopje"]
[Date "2018.12.06"]
[Round "1"]
[White "Anton Guijarro, David"]
[Black "Ratsma, Midas"]
[Result "1-0"]
[WhiteElo "2642"]
[BlackElo "2316"]
[Annotator "TA"]
[PlyCount "65"]
[EventDate "2018.12.06"]
[EventType "swiss"]
[EventCountry "MKD"]
[SourceTitle "playchess.com"]
[Source "ChessBase"]
[SourceQuality "1"]

{[%evp 19,65,-6,0,7,15,0,37,30,30,28,26,12,50,0,0,-19,41,42,63,55,330,310,624,602,601,588,748,457,631,466,454,105,645,633,606,481,711,512,497,466,543,367,446,461,454,447,438,419]} 1. Nf3 d5 2. b3 Nf6 3. Bb2 c5 4. e3 Nc6 5. Bb5 e6 6. O-O Bd6 {A06: Réti Opening:1 Nf3 d5} 7. c4 O-O 8. cxd5 exd5 9. Bxc6 bxc6 10. d3 a5 {LiveBook: 3 Games} 11. Nc3 Ba6 $146 ({Predecessor:} 11... Bg4 12. h3 Bh5 13. Na4 Nd7 14. Rc1 Qe7 15. d4 Rac8 16. g4 Bg6 17. Ne5 Nxe5 18. dxe5 Bxe5 19. Bxe5 Qxe5 {½-½ (19) Bischoff,K (2509)-Yakovich,Y (2592) Fuerth 1999}) 12. Qc2 Qc7 13. Na4 Nd7 14. Rfd1 Bb5 15. Nc3 Ba6 16. d4 {[%cal Bd3d4,Bd4d5,Bd5c6][%mdl 32]} c4 17. e4 cxb3 (17... Nb6 $11) 18. axb3 $14 dxe4 19. Nxe4 Be7 $2 {[%mdl 8192] [#]} (19... Rfb8 $14) 20. d5 $18 Bd8 $2 (20... Qf4 21. dxc6 Nf6) 21. dxc6 Rc8 22. Rac1 Nb8 23. Ba3 Be7 24. Nfg5 {Threatening mate with Nf6+!} f5 {[#]} 25. Ne6 $2 (25. Bd6 $1 $18 {[%cal Rd6c7] is the precise move to win.} Qxc6 26. Qd2 (26. Bxe7 Qxc2 27. Rxc2 Rxc2 $14)) 25... Qa7 $2 {[%mdl 8192]} (25... Qxc6 $16 26. Qxc6 (26. Nxf8 Bxa3 27. Qxc6 Rxc6 $17) 26... Rxc6 27. Bxe7 Rxc1 28. Rxc1 Re8) 26. Bxe7 Qxe7 27. Nxf8 {Strongly threatening Nc5.} Rxc6 (27... fxe4 $142 28. Nd7 Rxc6) 28. Qd2 Rxc1 29. Qxc1 fxe4 30. Qf4 Nc6 31. Nd7 {White is clearly winning.} h6 32. Qd6 Qxd6 33. Rxd6 {Accuracy: White = 37%, Black = 25%.} 1-0

[Event "European Blitz-ch 2018"]
[Site "Skopje"]
[Date "2018.12.06"]
[Round "1"]
[White "Lagarde, Maxime"]
[Black "Martinov, Levko"]
[Result "1-0"]
[WhiteElo "2616"]
[BlackElo "2225"]
[Annotator "TA"]
[PlyCount "36"]
[EventDate "2018.12.06"]
[EventType "swiss"]
[EventCountry "MKD"]
[SourceTitle "playchess.com"]
[Source "ChessBase"]
[SourceQuality "1"]

{[%evp 24,36,58,31,103,105,112,111,315,204,395,341,425,163,447]} 1. e4 e6 2. d4 d5 3. exd5 exd5 4. Nf3 Bd6 5. c4 c6 6. Nc3 Ne7 7. Bd3 Bg4 {[%cal Bc8g4,Bg4h5,Bh5g6][%mdl 32]} 8. O-O dxc4 9. Bxc4 O-O 10. h3 {C01: French: Exchange Variation} Bh5 11. g4 Bg6 12. Ne5 b5 13. Bb3 {LiveBook: 8 Games} Qc7 (13... a5 $14) (13... a5 14. Bg5 a4 15. Nxg6 hxg6 16. Bc2 Na6 17. d5 b4 18. Nxa4 cxd5 {0-1 (33) Cabrera,A (2529)-Vallejo Pons,F (2696) Palma de Mallorca 2009}) 14. f4 Bxe5 $146 ({Predecessor:} 14... b4 15. Na4 Be4 16. Bd2 Bd5 17. Rc1 f6 {1-0 (41) Rodriguez Gonzalez,J (2069)-Riesco Lecuona,J (2165) San Sebastian 2002}) 15. dxe5 {[#] f5 is the strong threat.} h5 $2 (15... Rd8 $16 {was worth a try.} 16. Qf3 Bd3) 16. Qf3 {And now f5 would win.} ({Weaker is} 16. gxh5 Bf5 $16) 16... hxg4 $2 (16... Nd7 {was called for.} 17. f5 (17. gxh5 Bf5 $16) 17... Bh7) 17. hxg4 $18 Nd7 18. Qg3 $2 (18. Qh3) 18... Nb6 $2 {Accuracy: White = 66%, Black =  9%.} (18... Nc5 19. f5 b4) 1-0

[Event "European Blitz-ch 2018"]
[Site "Skopje"]
[Date "2018.12.06"]
[Round "1"]
[White "Erdos, Viktor"]
[Black "Davainis, Marius"]
[Result "1-0"]
[WhiteElo "2605"]
[BlackElo "2105"]
[Annotator "TA"]
[PlyCount "59"]
[EventDate "2018.12.06"]
[EventType "swiss"]
[EventCountry "MKD"]

{[%evp 21,59,59,58,47,50,45,38,69,53,49,59,58,65,59,62,58,55,55,51,49,80,78,252,262,250,235,352,373,355,349,418,389,402,409,560,575,720,717,874,881]} 1. Nf3 Nf6 2. c4 c5 3. Nc3 b6 4. d4 cxd4 5. Nxd4 Bb7 6. f3 e6 7. e4 d6 8. Be3 Be7 9. Be2 O-O 10. O-O Nbd7 $146 {A31: Symmetrical English: 2 Nf3 Nf6 3 d4} (10... a6 11. Qd2 Qc7 12. Rfc1 Nbd7 13. b4 Rac8 14. Nb3 Qb8 15. Bf1 Rfe8 16. Qf2 Bd8 17. Na4 Ba8 18. c5 b5 19. Nc3 Bc7 20. g3 dxc5 21. Nxc5 Nxc5 22. bxc5 {1-0 (45) Nepomniachtchi,I (2729)-Ponkratov,P (2613) Riadh 2017}) 11. Qd2 Rc8 {LiveBook: 4 Games} 12. Ndb5 Ne5 {White is slightly better.} 13. Nxa7 Nxc4 14. Bxc4 Rxc4 15. b3 Rb4 16. Nd5 Nxd5 17. exd5 Rh4 18. Nc6 $36 {[%mdl 2048] Black is under pressure.} Bxc6 $1 19. dxc6 Qc7 20. Rac1 Ra8 21. Qf2 Rh5 $2 {[#]} (21... Rb4 $16 {was worth a try.}) 22. Bxb6 $18 Qc8 23. a4 {[%cal Ba2a4,Ba4a5][%mdl 32]} Bf6 (23... Qa6 $142 24. c7 Rc8) 24. Rfd1 Be7 25. a5 Qa6 26. c7 Rc8 27. Qf1 Qb7 28. Qc4 {White is clearly winning.} d5 29. Qc6 Qxc6 30. Rxc6 {Accuracy: White = 90%, Black = 37%.} 1-0

[Event "European Blitz-ch 2018"]
[Site "Skopje"]
[Date "2018.12.06"]
[Round "1"]
[White "Ivanisevic, Ivan"]
[Black "Krstevski, Vlatko"]
[Result "1-0"]
[WhiteElo "2603"]
[BlackElo "2096"]
[Annotator "TA"]
[PlyCount "41"]
[EventDate "2018.12.06"]
[EventType "swiss"]
[EventCountry "MKD"]

{[%evp 20,41,20,0,0,-15,42,23,35,23,40,41,38,38,84,75,134,131,202,200,198,134,550,554]} 1. d4 d5 2. c4 e6 3. Nc3 Nf6 4. cxd5 exd5 5. Bg5 Be7 6. e3 O-O 7. Bd3 c6 8. Nge2 Ne4 9. Bxe7 {D35: Queen's Gambit Declined: Exchange Variation} Qxe7 10. Bxe4 dxe4 11. Qc2 {LiveBook: 3 Games. The position is equal.} f5 12. d5 (12. O-O Be6 13. Rfc1 Na6 14. Na4 Nb4 15. Qc5 Rf7 16. b3 Nd3 17. Qxe7 Rxe7 {½-½ (60) Zilka,S (2463)-Jakubowski,K (2497) Czechia 2009}) 12... Rd8 $146 (12... Qf7 $11) ({Predecessor:} 12... Qc5 13. Rd1 Rd8 14. O-O cxd5 15. Nf4 Nc6 16. Nfxd5 Be6 {½-½ (27) Schliebener,S (2131)-Bornschein,B (1971) Berlin 2018}) 13. Rd1 Na6 14. dxc6 {And now Rxd8+ would win.} Rxd1+ 15. Qxd1 bxc6 16. O-O $36 {[%mdl 2048] Black is under pressure.} Be6 {[#]} 17. Qa4 $1 {[%cal Ra4a6]} Qb7 (17... Nc5 $142 18. Qa3 Qf8) 18. Nd4 $16 Bd7 (18... Nc7 $16 19. Qxc6 Qxc6 20. Nxc6 g6) 19. Qc4+ $18 Kh8 {[#]} 20. Na4 ({White should play} 20. g4 $1 $18) 20... Qb4 $2 {[%mdl 8192]} (20... Rf8 $16 21. Rd1 h6) 21. Qxa6 {Accuracy: White = 70%, Black = 18%.} 1-0

[Event "European Blitz-ch 2018"]
[Site "Skopje"]
[Date "2018.12.06"]
[Round "1"]
[White "Perunovic, Milos"]
[Black "Bruned, Boris"]
[Result "1-0"]
[WhiteElo "2597"]
[BlackElo "2133"]
[Annotator "TA"]
[PlyCount "44"]
[EventDate "2018.12.06"]
[EventType "swiss"]
[EventCountry "MKD"]

{[%evp 31,44,37,48,40,73,78,234,72,276,230,372,-347,424,6,633]} 1. e4 c5 2. Nf3 d6 3. d4 cxd4 4. Qxd4 Nc6 5. Bb5 Bd7 6. Qd3 Nf6 7. c4 g6 8. Nc3 Bg7 9. O-O O-O 10. h3 a6 11. Bxc6 Bxc6 12. Be3 Nd7 {B53: Sicilian: 2...d6: Lines with Qxd4} 13. Nd4 Ne5 $146 (13... Rc8 14. Rac1 Qa5 {1-0 (49) Karjakin,S (2760)-Amonatov,F (2636) Riadh 2017}) 14. Qe2 Bd7 15. Rac1 Rc8 16. b3 Nc6 {LiveBook: 3 Games} 17. Rfd1 f5 18. exf5 Bf6 $2 {[#]} (18... Bxf5 $16 19. Nxf5 Rxf5) (18... gxf5 19. Nxc6 bxc6 20. Bg5 {1-0 (37) Perunovic,M (2597)-Bruned,B (2133) Skopje 2018}) 19. c5 $2 (19. fxg6 $18 {Nxc6 is the strong threat.} hxg6 20. Nxc6 Bxc6 21. Nd5) 19... a5 $2 (19... Nxd4 $16 20. Bxd4 Bxd4 21. Rxd4 Rxc5) 20. cxd6 exd6 (20... Bxd4 $142 21. Qc4+ (21. Bxd4 Nxd4 22. Rxd4 Bxf5 $16) 21... Rf7) 21. Re1 $4 {[%mdl 8192]} (21. Ndb5 $18) 21... Kf7 $4 {[%mdl 8192]} (21... Nxd4 $19 {and all is fine.} 22. Bxd4 Bxd4) 22. Rcd1 $2 {[#]} ({White should play} 22. fxg6+ $18 Kxg6 23. Ndb5) 22... d5 $2 {[%mdl 8192] Accuracy: White =  8%, Black =  7%.} (22... Nxd4 $11 23. Bxd4 Bxd4 24. fxg6+ hxg6 25. Rxd4 Rxc3) 1-0

[Event "European Blitz-ch 2018"]
[Site "Skopje"]
[Date "2018.12.06"]
[Round "1"]
[White "Saric, Ante"]
[Black "Jovanoski, Vasko"]
[Result "1-0"]
[WhiteElo "2533"]
[BlackElo "2145"]
[Annotator "TA"]
[PlyCount "26"]
[EventDate "2018.12.06"]
[EventType "swiss"]
[EventCountry "MKD"]
[SourceTitle "playchess.com"]
[Source "ChessBase"]
[SourceQuality "1"]

{[%evp 10,26,17,-27,34,21,25,12,4,-1077,20,-1107,6,-1040,54,-931,41,-745,726]} 1. Nf3 Nf6 2. g3 g6 3. b3 Bg7 4. Bb2 d6 5. d4 O-O 6. c4 {LiveBook: 314 Games} Bg4 {E60: King's Indian: Unusual lines and Fianchetto Variation without Nc3} (6... e5 $11) (6... Nbd7 7. Bg2 c6 8. O-O Re8 9. Nc3 e5 10. e4 exd4 11. Nxd4 Nc5 12. Re1 Ng4 13. h3 Ne5 14. Re3 Qb6 15. Nc2 a5 16. Bf1 Be6 17. Rb1 a4 18. b4 Ncd7 19. Na3 Qxb4 20. Bc1 {½-½ (41) Caruana,F (2816)-Grischuk,A (2766) Paris 2018}) 7. Nc3 $146 ({Predecessor:} 7. Bg2 Nbd7 8. O-O Re8 9. Nc3 c6 10. Qc2 e5 11. dxe5 dxe5 12. e4 Qc7 13. h3 Be6 14. Rad1 {1-0 (35) Pujales Llanos,J (1897)-Rivero Pena,G (1419) Las Palmas 2016}) 7... Nbd7 8. h3 Bxf3 {The position is equal.} 9. e3 $2 {[%mdl 8192] [#]} (9. exf3 $11 e5 10. dxe5) 9... Re8 $2 ({Black should try} 9... Bxd1 $19 10. Rxd1 e5 11. dxe5 Nxe5) 10. Rc1 $2 {[%mdl 8192]} (10. Qxf3 $11 e5 11. O-O-O) 10... Qb8 $2 (10... Bxd1 $19 11. Rxd1 e5 12. dxe5 Nxe5) 11. Bg2 $2 {[%mdl 8192]} (11. Qxf3 $11 e5 12. dxe5 Nxe5 13. Qe2) 11... d5 $2 (11... Bxd1 $19 12. Rxd1 e5) 12. cxd5 $2 {[%mdl 8192]} (12. Bxf3 $14 dxc4 13. bxc4) 12... Nxd5 $2 {[#]} (12... Bxd1 $19 13. Rxd1 b5) 13. Nxd5 $4 {[%mdl 8192]} (13. Qxf3 $14 Nxc3 14. Bxc3) 13... b6 $4 {[%mdl 8192] Accuracy: White =  0%, Black = 12%.} (13... Bxd1 $19 14. Rxd1 e5 15. dxe5 Nxe5) 1-0

[Event "European Blitz-ch 2018"]
[Site "Skopje"]
[Date "2018.12.06"]
[Round "1"]
[White "Popov, Valerij"]
[Black "Atanasov, Radislav"]
[Result "1-0"]
[WhiteElo "2532"]
[BlackElo "2115"]
[Annotator "TA"]
[PlyCount "71"]
[EventDate "2018.12.06"]
[EventType "swiss"]
[EventCountry "MKD"]
[SourceTitle "playchess.com"]
[Source "ChessBase"]
[SourceQuality "1"]

{[%evp 18,71,73,77,109,102,98,86,175,131,144,115,107,106,171,116,217,222,219,219,218,211,198,194,249,244,240,247,250,228,333,290,452,275,299,245,229,235,206,120,103,-540,83,47,169,166,321,316,355,218,451,423,1047,288,1010,307]} 1. Nf3 Nf6 2. c4 g6 3. Nc3 Bg7 4. e4 d6 5. d4 O-O 6. Be2 e5 7. Be3 c6 8. d5 cxd5 9. cxd5 Nbd7 10. Nd2 {LiveBook: 3 Games} Nc5 {E92: King's Indian: Classical: 6 Be2 e5: 7 dxe5, 7 Be3 and Petrosian System without 7...Nbd7} (10... Ne8 11. O-O f5 12. f3 Ndf6 13. a4 f4 14. Bf2 Nh5 15. Nc4 Qg5 16. Re1 a6 17. Kf1 Qh6 18. Qd2 {1-0 (38) Brink,B (2347)-Faber,H (2038) Eindhoven 2017}) 11. b4 Ncd7 12. O-O a5 $146 (12... Ne8 $16) ({Predecessor:} 12... Ne8 13. Nc4 {1-0 (27) Mititelu,G-Grunberg,S Romania 1971}) 13. a3 Ne8 14. Qb3 f5 {And now ...f4 would win.} 15. f3 Ndf6 (15... axb4 $16 16. Qxb4 (16. axb4 Rxa1 17. Rxa1 Ndf6 $16) 16... Qe7) 16. Nc4 (16. bxa5 $1 $18 Nh5 17. Rfc1) 16... f4 (16... axb4 $16 17. Qxb4 (17. axb4 Rxa1 18. Rxa1 fxe4 $16) 17... Nh5) 17. Bb6 Qe7 18. Bxa5 g5 19. Nb6 Rb8 20. Rac1 g4 (20... Bd7 $142 21. Qd1 h5) 21. Nxc8 $18 Rxc8 22. fxg4 Kh8 23. Bf3 Qd7 (23... Rg8 $142 24. h3 Bf8) 24. h3 {aiming for g5.} h5 (24... Rb8 {keeps fighting.} 25. Bb6 h6) 25. gxh5 Bh6 26. Na4 Rxc1 27. Rxc1 Rg8 {If Black can now play ...Qxh3 this consolidates a bit.} 28. Qc2 ({Better is} 28. Kf1 $18) 28... Qxh3 $16 29. Kf2 $4 {[%mdl 8192] [#]} (29. Qe2 $16 {and life is bright.}) 29... Qh4+ $2 ({Inferior is} 29... Ng4+ 30. Ke2 $16 (30. Bxg4 $2 Qxg4 31. Rg1 f3 $19)) (29... Rxg2+ $1 $19 {[%mdl 512]} 30. Bxg2 Qe3+ 31. Kf1 Nxh5) 30. Ke2 {[%cal Bf2e2,Be2d3,Bd3c4][%mdl 32] Hoping for Bd8.} Nxh5 (30... Qh2 $14) 31. Kd3 $36 {[%mdl 2048] Black is under strong pressure.} Nhf6 $2 (31... Nef6) 32. Bd8 Qg3 33. Kc4 Ng7 $2 (33... Ng4 {was worth a try.} 34. Kb5 Nh2) 34. Bxf6 b6 (34... Rc8+ $142 35. Nc5 Qg6 36. Bxe5 dxe5) 35. Bxe5 $2 (35. Nxb6 Qg6 36. Bxg7+ Kxg7 37. Kb3) 35... Qg6 $2 (35... Rc8+ 36. Nc5 dxe5) 36. Qb3 $2 {Accuracy: White = 41%, Black = 24%.} (36. Bc3) 1-0

[Event "European Blitz-ch 2018"]
[Site "Skopje"]
[Date "2018.12.06"]
[Round "1"]
[White "Demidov, Mikhail"]
[Black "Marinskii, Yurii"]
[Result "1-0"]
[WhiteElo "2520"]
[BlackElo "2174"]
[Annotator "TA"]
[PlyCount "81"]
[EventDate "2018.12.06"]
[EventType "swiss"]
[EventCountry "MKD"]

{[%evp 16,81,24,8,67,64,70,52,80,52,39,54,93,93,92,87,95,102,89,79,107,90,93,87,91,72,72,72,73,53,52,55,70,29,38,36,70,72,77,81,57,37,37,37,37,37,37,14,14,0,0,0,0,0,0,0,0,0,0,0,0,0,0,0,0,0,0,0]} 1. Nf3 d5 2. g3 c5 3. Bg2 Nc6 4. O-O Nf6 5. d4 e6 6. b3 Be7 7. Bb2 cxd4 8. Nxd4 O-O 9. c4 {LiveBook: 6 Games. D02: 1 d4 d5 2 Nf3 sidelines, including 2...Nf6 3 g3 and 2...Nf6 3 Bf4} (9. Nxc6 bxc6 10. c4 a5 11. Nc3 Ba6 12. Qc2 dxc4 13. Rfd1 cxb3 14. axb3 Qc7 15. Na4 Bb5 16. Bd4 Rad8 {0-1 (35) Pelletier,Y (2529)-Harikrishna,P (2737) Biel 2017}) 9... Nxd4 (9... Bd7 $11) 10. Qxd4 $14 dxc4 11. Qxc4 {White is slightly better.} Qb6 $146 ({Predecessor:} 11... Nd7 12. Rd1 Bf6 13. Bxf6 Qxf6 14. Nc3 Rb8 15. Rac1 Qe5 16. Nb5 Nb6 {1-0 (48) Eichstaedt,M (2155)-Stotyn,F (2201) Lemgo 2018}) 12. Rd1 Bd7 13. Bd4 Qb5 14. Qxb5 Bxb5 15. Nc3 Bc6 16. Bxc6 bxc6 17. Na4 Ba3 18. Bc5 Bxc5 19. Nxc5 Rfd8 20. e4 Kf8 21. f3 Ke7 22. Kf2 Rxd1 23. Rxd1 Rd8 24. Rxd8 (24. Nd3 {with more complications.} a5 25. Ke3 Nd7 26. Rc1 Kd6 27. Nb2) 24... Kxd8 {[%mdl 4096] Endgame KN-KN} 25. Ke3 Kc7 26. Kd4 Nd7 27. Nxd7 Kxd7 $16 {KP-KP} 28. e5 Kc7 29. Kc5 Kd7 30. f4 Kc7 31. g4 g6 {The position is equal.} 32. g5 Kd7 33. b4 Kc7 $1 34. a4 Kd7 35. a5 Kc7 $1 36. a6 Kd7 37. b5 cxb5 38. Kxb5 Kc7 $1 39. Kc5 Kd7 40. Kb5 Kc7 $1 41. Kc5 {[%mdl 32768] Accuracy: White = 68%, Black = 68%. . Sensor Board Error (Ke4/e5)?} 1-0